Who's afraid of Virginia Woolf? : (Record no. 200468124)

MARC details
000 -LEADER
fixed length control field 02164cam a2200469 i 4500
001 - CONTROL NUMBER
control field 200468124
003 - CONTROL NUMBER IDENTIFIER
control field TR-AnTOB
005 - DATE AND TIME OF LATEST TRANSACTION
control field 20260415143054.0
007 - PHYSICAL DESCRIPTION FIXED FIELD--GENERAL INFORMATION
fixed length control field ta
008 - FIXED-LENGTH DATA ELEMENTS--GENERAL INFORMATION
fixed length control field 260415s1974 nyu 000 d eng d
035 ## - SYSTEM CONTROL NUMBER
System control number (CU_SB)990017529670203776-01ucsb_inst
System control number 990017529670203776
System control number (CLU)484800-ucladb-Voyager
System control number (CLU)6110738-ucladb-Voyager
System control number (OCoLC)04692000
Canceled/invalid control number (OCoLC)1800648
-- (OCoLC)5911069
-- (OCoLC)13273368
-- (OCoLC)24008399
-- (OCoLC)273922030
-- (OCoLC)317078823
-- (OCoLC)883840728
-- (OCoLC)987389066
-- (OCoLC)989348413
-- (OCoLC)1030737556
-- (OCoLC)1156759665
-- (OCoLC)1327887398
System control number (OCoLC)ocm04692000
System control number (EXLNZ-01UCS_NETWORK)9914760699306531
System control number (TR-AnTOB)200468124
040 ## - CATALOGING SOURCE
Original cataloging agency KSU
Language of cataloging eng
Description conventions rda
Transcribing agency KSU
Modifying agency OCLCQ
-- NLGGC
-- NSB
-- OCLCG
-- TBS
-- OCLCQ
-- BEN
-- OCLCQ
-- JBR
-- GFK
-- ECL
-- OCLCF
-- OCLCO
-- OCLCQ
-- RCT
-- OCLCQ
-- OCL
-- OCLCO
-- WAU
-- OCLCO
-- OCLCA
-- UAB
-- OKX
-- DVR
-- OCLCO
-- TYC
-- OCLCO
-- OCLCQ
-- OCLCO
-- OCLCL
-- OCLCQ
-- UUS
-- OCLCL
-- TR-AnTOB
041 0# - LANGUAGE CODE
Language code of text/sound track or separate title İngilizce
043 ## - GEOGRAPHIC AREA CODE
Geographic area code n-usn--
050 #4 - LIBRARY OF CONGRESS CALL NUMBER
Classification number PS3551.L25
Item number W4 1974
090 ## - LOCALLY ASSIGNED LC-TYPE CALL NUMBER (OCLC); LOCAL CALL NUMBER (RLIN)
Classification number (OCLC) (R) ; Classification number, CALL (RLIN) (NR) PS3551.L25
Local cutter number (OCLC) ; Book number/undivided call number, CALL (RLIN) W4 1974
100 1# - MAIN ENTRY--PERSONAL NAME
Personal name Albee, Edward,
Dates associated with a name 1928-2016
Relator term author
Relator code aut
9 (RLIN) 153674
245 10 - TITLE STATEMENT
Title Who's afraid of Virginia Woolf? :
Remainder of title a play /
Statement of responsibility, etc. by Edward Albee.
264 #1 - PRODUCTION, PUBLICATION, DISTRIBUTION, MANUFACTURE, AND COPYRIGHT NOTICE
Place of production, publication, distribution, manufacture New York :
Name of producer, publisher, distributor, manufacturer Pocket Books,
Date of production, publication, distribution, manufacture, or copyright notice 1974.
300 ## - PHYSICAL DESCRIPTION
Extent 6 preliminary leaves, [3]-242 pages, 2 leaves ;
Dimensions 18 cm
336 ## - CONTENT TYPE
Content type term text
Content type code txt
Source rdacontent
337 ## - MEDIA TYPE
Media type term unmediated
Media type code n
Source rdamedia
338 ## - CARRIER TYPE
Carrier type term volume
Carrier type code nc
Source rdacarrier
380 ## - FORM OF WORK
Form of work Drama
500 ## - GENERAL NOTE
General note "A Giant Cardinal edition, 1st printing, GC 786."
520 ## - SUMMARY, ETC.
Summary, etc. You are cordially invited to George and Martha's for an evening of fun and games. By dawn tomorrow, you may feel like you've spent the night in a blast furnace.
650 #0 - SUBJECT ADDED ENTRY--TOPICAL TERM
Topical term or geographic name entry element Married people
Form subdivision Drama
9 (RLIN) 5363
Topical term or geographic name entry element College teachers
Form subdivision Drama
9 (RLIN) 153675
651 #0 - SUBJECT ADDED ENTRY--GEOGRAPHIC NAME
Geographic name New England
Form subdivision Drama
9 (RLIN) 153676
655 #7 - INDEX TERM--GENRE/FORM
Genre/form data or focus term Domestic drama
Source of term lcgft
Authority record control number http://id.loc.gov/authorities/genreForms/gf2014026294
9 (RLIN) 153677
Genre/form data or focus term Drama
Source of term lcgft
Authority record control number http://id.loc.gov/authorities/genreForms/gf2014026297
9 (RLIN) 153046
942 ## - ADDED ENTRY ELEMENTS (KOHA)
Source of classification or shelving scheme Library of Congress Classification
Koha item type Book
Holdings
Withdrawn status Lost status Source of classification or shelving scheme Damaged status Not for loan Collection code Home library Current library Shelving location Date acquired Source of acquisition Inventory number Total Checkouts Full call number Barcode Date last seen Copy number Date shelved Koha item type Public note
    Library of Congress Classification Kullanılmış / Used Ödünç Verilemez-Kurumiçi kullanım / Not for loan-For inhouse use Genel Koleksiyon Tıp Fakültesi Medikal Kütüphane Tıp Fakültesi Medikal Kütüphane Genel Koleksiyon / Main Collection 18/03/2026 Bağış / Donation İDE   PS3551.L25 W4 1974 TıpFaK TF03114 15/04/2026 1 15/04/2026 Book Donated by Prof. Dr. Şükrü Cin
Devinim Yazılım Eğitim Danışmanlık tarafından Koha'nın orjinal sürümü uyarlanarak geliştirilip kurulmuştur.